[Event "Catalunya-chT Primera Gp1"]
[Site "Catalunya"]
[Date "2008.02.17"]
[Round "4"]
[White "Monge Medina, Angel"]
[Black "Negre, Albert"]
[Result "1/2-1/2"]
[WhiteElo "2127"]
[BlackElo "2100"]
[PlyCount "109"]
[EventDate "2008.01.27"]
[EventType "team-tourn"]
[EventRounds "9"]
[EventCountry "ESP"]
[SourceTitle "EXT 2019"]
[Source "ChessBase"]
[SourceDate "2018.10.10"]
[SourceVersion "1"]
[SourceVersionDate "2018.10.10"]
[SourceQuality "1"]

1. d4 Nf6 2. Bg5 Ne4 3. Bf4 c5 4. f3 Qa5+ 5. c3 Nf6 6. Nd2 cxd4 7. Nb3 Qb6 8. Qxd4 Nc6 9. Qxb6 axb6 10. e4 d5 11. Be3 e5 12. Bxb6 Be6 13. Bb5 Nd7 14. Bf2 dxe4 15. Nd2 Bc5 16. Nxe4 Bxf2+ 17. Kxf2 Rxa2 18. Rxa2 Bxa2 19. Nd6+ Kd8 20. Ne2 Kc7 21. Nf5 g6 22. Ne3 Be6 23. Rd1 Nb6 24. Nc1 Ra8 25. Nd3 Ra2 26. Rd2 f5 27. Bxc6 bxc6 28. Nxe5 f4 29. Nd1 Nd5 30. Nd3 g5 31. Nb4 Ra1 32. Nxd5+ Bxd5 33. Rd4 Bb3 34. Ke2 Rb1 35. Nf2 Rxb2+ 36. Rd2 Bc4+ 37. Kd1 Rb8 38. Ne4 h6 39. Kc1 Ra8 40. Nf6 Ra1+ 41. Kb2 Ra2+ 42. Kc1 Rxd2 43. Kxd2 Bf1 44. g3 Kd6 45. Ne4+ Ke5 46. g4 Bc4 47. Nf2 Bd5 48. Ke2 Kd6 49. Nd1 Kc5 50. Nb2 Kb5 51. Kf2 c5 52. h3 Bb3 53. Kg2 c4 54. Kf2 Bc2 55. Kg2 1/2-1/2

[Event "Catalunya-chT DH"]
[Site "Spain"]
[Date "2004.??.??"]
[Round "1"]
[White "Monell Camarasa, David"]
[Black "Monge Medina, Angel"]
[Result "1-0"]
[WhiteElo "2226"]
[BlackElo "2180"]
[PlyCount "99"]
[EventDate "2004.??.??"]
[EventType "team"]
[EventRounds "9"]
[EventCountry "ESP"]
[SourceTitle "EXT 2007"]
[Source "ChessBase"]
[SourceDate "2006.11.23"]
[SourceVersion "1"]
[SourceVersionDate "2006.11.23"]
[SourceQuality "1"]

1. d4 Nf6 2. c4 e6 3. Nf3 b6 4. g3 Bb7 5. Bg2 Bb4+ 6. Nbd2 0-0 7. 0-0 Re8 8. a3 Bf8 9. Qc2 d6 10. e4 e5 11. d5 a5 12. b3 Bc8 13. Bb2 g6 14. Ne1 Ng4 15. h3 Nh6 16. f4 f5 17. fxe5 dxe5 18. Nd3 Nf7 19. Rae1 Bg7 20. Kh2 Ra7 21. exf5 gxf5 22. b4 axb4 23. axb4 e4 24. Bxg7 Kxg7 25. Qb2+ Kg8 26. Nxe4 Rxe4 27. Bxe4 fxe4 28. Rxe4 c6 29. Ne5 Re7 30. Nxf7 Rxf7 31. Rxf7 Kxf7 32. Qe5 Nd7 33. Qe6+ Kg7 34. dxc6 Nf6 35. Qe7+ Qxe7 36. Rxe7+ Kf8 37. Ra7 Ke8 38. g4 h6 39. b5 Kd8 40. c5 bxc5 41. b6 Nd5 42. Rd7+ Bxd7 43. b7 Bxc6 44. b8Q+ Kd7 45. Qf8 c4 46. Qc5 c3 47. Kg3 Bb7 48. Kh4 Ke6 49. Kh5 Ke5 50. Qc4 1-0

[Event "Catalunya-chT"]
[Site "Spain"]
[Date "2003.??.??"]
[Round "8"]
[White "Monge Medina, Angel"]
[Black "Pinero Fernandez, Xavier"]
[Result "0-1"]
[WhiteElo "2203"]
[BlackElo "2240"]
[PlyCount "102"]
[EventDate "2003.??.??"]
[EventType "team"]
[EventRounds "9"]
[EventCountry "ESP"]
[SourceTitle "EXT 2007"]
[Source "ChessBase"]
[SourceDate "2006.11.23"]
[SourceVersion "1"]
[SourceVersionDate "2006.11.23"]
[SourceQuality "1"]

1. d4 Nf6 2. Bg5 d5 3. Bxf6 exf6 4. g3 c6 5. Bg2 Qb6 6. b3 Bf5 7. c3 Qa5 8. Qc1 Nd7 9. Nf3 Be4 10. 0-0 Bd6 11. Bh3 Rd8 12. Nh4 g6 13. f3 Bxb1 14. Qe3+ Kf8 15. Rfxb1 Kg7 16. Qd3 Rhe8 17. Re1 c5 18. Kh1 cxd4 19. cxd4 Bb4 20. Rf1 Re7 21. a3 Bd6 22. b4 Qa4 23. e4 a5 24. bxa5 Rde8 25. Bg2 Qxa5 26. a4 Qc7 27. Rfc1 Qb8 28. Qf1 Nb6 29. a5 Nc4 30. Qg1 dxe4 31. Rxc4 f5 32. f4 b5 33. axb6 Qxb6 34. Qb1 Qd8 35. Bf1 Rd7 36. Ng2 Be7 37. Raa4 Bf6 38. Qb4 e3 39. Be2 Re4 40. Ne1 Rdxd4 41. Rxd4 Rxd4 42. Qb3 Rd2 43. Qxe3 Qd5+ 44. Qf3 Qe6 45. Ra6 Qe7 46. Rxf6 Rxe2 47. Ng2 Kxf6 48. Qc3+ Ke6 49. Ne3 Qb7+ 50. Kg1 Qb1+ 51. Nf1 Qb6+ 0-1

[Event "Barcelona op-A"]
[Site "Barcelona"]
[Date "1998.??.??"]
[Round "3"]
[White "Castells Prat, Pere"]
[Black "Monge Medina, Angel"]
[Result "1/2-1/2"]
[WhiteElo "2100"]
[BlackElo "2160"]
[PlyCount "21"]
[EventDate "1998.??.??"]
[EventType "swiss"]
[EventRounds "8"]
[EventCountry "ESP"]
[SourceTitle "EXT 2019"]
[Source "ChessBase"]
[SourceDate "2018.10.10"]
[SourceVersion "1"]
[SourceVersionDate "2018.10.10"]
[SourceQuality "1"]

1. e4 c5 2. d3 Nc6 3. g3 e6 4. Bg2 g6 5. f4 d6 6. Nf3 Bg7 7. 0-0 Nge7 8. c3 0-0 9. Be3 b6 10. Na3 Ba6 11. Re1 1/2-1/2

[Event "Barcelona op-A"]
[Site "Barcelona"]
[Date "1998.??.??"]
[Round "1"]
[White "Colom Andres, Xavier"]
[Black "Monge Medina, Angel"]
[Result "0-1"]
[WhiteElo "2070"]
[BlackElo "2160"]
[PlyCount "54"]
[EventDate "1998.??.??"]
[EventType "swiss"]
[EventRounds "8"]
[EventCountry "ESP"]
[SourceTitle "EXT 2019"]
[Source "ChessBase"]
[SourceDate "2018.10.10"]
[SourceVersion "1"]
[SourceVersionDate "2018.10.10"]
[SourceQuality "1"]

1. d4 Nf6 2. c4 e6 3. Nc3 Bb4 4. Qc2 0-0 5. Bg5 c5 6. dxc5 Qa5 7. Bxf6 gxf6 8. e3 Bxc3+ 9. bxc3 Nc6 10. Bd3 f5 11. Ne2 Qxc5 12. Nd4 Ne5 13. 0-0 Nxc4 14. Rfe1 d5 15. f4 Bd7 16. Bxc4 Qxc4 17. Qf2 Kh8 18. Qh4 f6 19. Kh1 Rf7 20. a4 Rg8 21. a5 Qd3 22. Rab1 Qe4 23. Nf3 Bc6 24. Qf2 Rfg7 25. Rb2 Rxg2 26. Qxg2 Rxg2 27. Kxg2 d4 0-1

[Event "Barcelona op-A"]
[Site "Barcelona"]
[Date "1998.??.??"]
[Round "5"]
[White "Escuder Vilaltella, Jordi"]
[Black "Monge Medina, Angel"]
[Result "0-1"]
[WhiteElo "2315"]
[BlackElo "2160"]
[PlyCount "42"]
[EventDate "1998.??.??"]
[EventType "swiss"]
[EventRounds "8"]
[EventCountry "ESP"]
[SourceTitle "EXT 2019"]
[Source "ChessBase"]
[SourceDate "2018.10.10"]
[SourceVersion "1"]
[SourceVersionDate "2018.10.10"]
[SourceQuality "1"]

1. e4 c5 2. Nf3 e6 3. d4 cxd4 4. Nxd4 Nf6 5. Nc3 Nc6 6. Nxc6 bxc6 7. e5 Nd5 8. Ne4 Qc7 9. f4 Qb6 10. Bd3 Ba6 11. c4 Ne3 12. Qe2 Bb4+ 13. Bd2 Bxd2+ 14. Qxd2 Qd4 15. Rc1 0-0 16. Nf6+ Kh8 17. Nxh7 Nxg2+ 18. Kf1 Nxf4 19. Nxf8 Qxd3+ 20. Qxd3 Nxd3 21. Rc3 Rxf8 0-1